Yukuyata : (Record no. 97765)

MARC details
000 -CABECERA
campo de control de longitud fija 00716nam a2200205 a 4500
005 - FECHA Y HORA DE LA ÚLTIMA TRANSACCIÓN
campo de control 20231128063652.0
008 - ELEMENTOS DE LONGITUD FIJA--INFORMACIÓN GENERAL
campo de control de longitud fija 030612s1980 mx r 000 0 spa d
035 ## - NÚMERO DE CONTROL DEL SISTEMA
Número de control de sistema UPN01000125586
049 ## - COLECCIÓN
Colección SEP
050 #4 - SIGNATURA TOPOGRÁFICA DE LA BIBLIOTECA DEL CONGRESO
Número de clasificación F1219.3 S6
Número de documento/Ítem C3.9
100 1# - ASIENTO PRINCIPAL--NOMBRE PERSONAL
Nombre de persona Caballero Morales, Gabriel
245 10 - MENCIÓN DE TÍTULO
Título Yukuyata :
Resto del título Huitepec, Oax. /
Mención de responsabilidad, etc. por Gabriel Caballero Morales, Juan Julián Caballero.
260 ## - PUBLICACIÓN, DISTRIBUCIÓN, ETC.
Lugar de publicación, distribución, etc. Pátzcuaro, Mich. :
Nombre del editor, distribuidor, etc. SEP :
-- INI,
Fecha de publicación, distribución, etc. 1980.
300 ## - DESCRIPCIÓN FÍSICA
Extensión 45 p.
500 ## - NOTA GENERAL
Nota general "Programa de etnolingüística SEP-INI- CISINAH"
650 #4 - ASIENTO SECUNDARIO DE MATERIA - TERMINO TEMATICO
Término de materia o nombre geográfico como elemento de entrada Indígenas de México
Subdivisión general Condiciones sociales
9 (RLIN) 8537
650 #4 - ASIENTO SECUNDARIO DE MATERIA - TERMINO TEMATICO
Término de materia o nombre geográfico como elemento de entrada Indígenas de México
Subdivisión general Vida social y costumbres
9 (RLIN) 5132
700 1# - ASIENTO SECUNDARIO--NOMBRE DE PERSONAL
Nombre de persona Caballero, Juan Julián,
Término indicativo de función/relación coaut.
905 ## - TIPO DE MATERIAL
Tipo de material Libro
Holdings
Estado de retiro Estado de pérdida Fuente del sistema de clasificación o colocación Estado dañado No para préstamo Código de colección Localización permanente Ubicación/localización actual Ubicación en estantería Total de préstamos Clasificación Código de barras Fecha visto por última vez Número de copia Tipo de ítem Koha
    Library of Congress Classification   Coleccion SEP Colección SEP Bib. Gregorio Torres Quintero Bib. Gregorio Torres Quintero Colección SEP   F1219.3 S6 C3.9 22079F 31/12/2020 1 Libro